Geography Quiz

Random Geography or City Quiz
Score 0/20 Timer 04:00
11 Plays Today
% Correct
Florida
93.6%
Tennessee
93.4%
Alabama
92.3%
Minnesota
92.3%
Wisconsin
90.2%
Arizona
84.8%
California
83.4%
Georgia
82.8%
South Carolina
80.8%
Indiana
68.4%
% Correct
Texas
63%
Connecticut
47.6%
Michigan
45.8%
Idaho
44.8%
Ohio
37.5%
Oklahoma
36.9%
Iowa
35.7%
Massachusetts
33.7%
Oregon
21.4%
Washington
20.8%

You're not logged in!

Compare scores with friends on all Sporcle quizzes.
OR
Log In

Sporcle TV

Today on Sporcle TV


Watch our educational content, quiz creation guides, and fun videos on Sporcle TV.

Show Comments

Extras

Top Quizzes Today


Score Distribution

Paid Content

Your Account Isn't Verified!

In order to create a playlist on Sporcle, you need to verify the email address you used during registration. Go to your Sporcle Settings to finish the process.

Report this User

Report this user for behavior that violates our Community Guidelines.

Details: